[Event "DRUGA LIGA SRBIJE-GRUPA VOJVODINA 2018"]
[Site "Novi Sad"]
[Date "2018.11.12"]
[Round "5"]
[Board "5"]
[White "Tokovic, Svetozar"]
[Black "Djurnic, Strahinja"]
[Result "1-0"]
[WhiteElo "2238"]
[BlackElo "2072"]
[PlyCount "83"]
[EventDate "2018.11.09"]
[EventType "team"]
[EventRounds "11"]
[EventCountry "SRB"]
[WhiteTeam "SOMBORSKI S.K.-SOMBOR"]
[BlackTeam "S.K. KRALJICA PTT-NOVI SAD"]

1. e4 c5 2. Nf3 g6 3. g3 Bg7 4. Bg2 Nc6 5. O-O d6 6. d3 e6 7. Nbd2 Nge7 8. Nh4
e5 9. Nc4 O-O 10. a4 d5 11. Ne3 Be6 12. f4 exf4 13. gxf4 dxe4 14. dxe4 Qxd1 15.
Rxd1 Nd4 16. f5 gxf5 17. Nhxf5 Nexf5 18. exf5 Nxf5 19. c3 Rad8 20. Bxb7 Rxd1+
21. Nxd1 Rd8 22. Bg5 Rb8 23. Bf3 Bh6 24. Bxh6 Nxh6 25. a5 Ng4 26. a6 Rb6 27.
Ra5 Ne5 28. Be2 Nc4 29. Rxc5 Nxb2 30. Ne3 Na4 31. Rc7 Rb1+ 32. Kf2 Rb2 33. Ke1
Rb3 34. Nd1 Bd5 35. Kd2 Nb6 36. Rxa7 Ra3 37. Rc7 Kf8 38. Bb5 Ra2+ 39. Kd3 Ra5
40. Rc5 Bf3 41. Ne3 Nd7 42. Rf5  1-0

[Event "DRUGA LIGA SRBIJE-GRUPA VOJVODINA 2018"]
[Site "Novi Sad"]
[Date "2018.11.12"]
[Round "5"]
[Board "6"]
[White "Radanovic, Aleksandar"]
[Black "Roganovic, Nebojsa"]
[Result "1-0"]
[WhiteElo "2147"]
[BlackElo "2141"]
[PlyCount "105"]
[EventDate "2018.11.09"]
[EventType "team"]
[EventRounds "11"]
[EventCountry "SRB"]
[WhiteTeam "S.K. KRALJICA PTT-NOVI SAD"]
[BlackTeam "SOMBORSKI S.K.-SOMBOR"]

1. e4 d5 2. exd5 Nf6 3. Be2 Nxd5 4. d4 g6 5. Nf3 Bg7 6. c4 Nb6 7. Nc3 O-O 8.
O-O Nc6 9. Be3 Bg4 10. c5 Nd5 11. Nxd5 Qxd5 12. Qa4 Rad8 13. Rad1 a6 14. Rd2 h6
15. Rfd1 Bd7 16. Qc4 Be6 17. b3 Rd7 18. Qa4 Rfd8 19. Bc4 Qf5 20. Nh4 Qg4 21.
Bxe6 Qxe6 22. Nf3 Qd5 23. a3 e6 24. Ne5 Bxe5 25. dxe5 Qxe5 26. Rxd7 Rxd7 27. b4
Rxd1+ 28. Qxd1 h5 29. h3 Qf6 30. Qd7 Qd8 31. Qxd8+ Nxd8 32. Bf4 e5 33. Bxe5 Ne6
34. Kf1 f5 35. Ke2 Kf7 36. h4 Ke7 37. Kd3 Kd7 38. a4 Kc6 39. Kc4 b5+ 40. cxb6
cxb6 41. b5+ axb5+ 42. axb5+ Kd7 43. Kd5 g5 44. hxg5 Nxg5 45. Bd4 Ne6 46. Bxb6
Nf4+ 47. Ke5 Nxg2 48. Kxf5 Kd6 49. Kg5 Kd5 50. Be3 h4 51. Kg4 Kd6 52. Bd2 Kc5
53. Kh3  1-0

[Event "DRUGA LIGA SRBIJE-GRUPA VOJVODINA 2018"]
[Site "Novi Sad"]
[Date "2018.11.13"]
[Round "6"]
[Board "2"]
[White "Gajcin, Marina"]
[Black "Vlatkovic, Sinisa"]
[Result "1-0"]
[WhiteElo "2161"]
[BlackElo "2283"]
[PlyCount "99"]
[EventDate "2018.11.09"]
[EventType "team"]
[EventRounds "11"]
[EventCountry "SRB"]
[WhiteTeam "SOMBORSKI S.K.-SOMBOR"]
[BlackTeam "Š.K. MLADOST-NOVA PAZOVA"]

1. e4 d6 2. d4 g6 3. Nc3 Bg7 4. Be3 a6 5. a4 Nf6 6. h3 O-O 7. Nf3 b6 8. Bd3 Nc6
9. O-O Nb4 10. Be2 Bb7 11. Nd2 c5 12. dxc5 bxc5 13. f4 e6 14. Bf3 Qc7 15. Ne2
d5 16. e5 d4 17. Bf2 Bxf3 18. Nxf3 Ne4 19. Bh4 Rab8 20. Rb1 Qc6 21. c3 Nd5 22.
Qd3 Ne3 23. Rfc1 c4 24. Qxd4 Nf5 25. Qd1 g5 26. Ned4 Nxd4 27. Nxd4 Qc7 28. Qe2
f5 29. exf6 gxh4 30. Qxe4 Rxf6 31. Rf1 Rbf8 32. Nxe6 Qb6+ 33. Nd4 Rd6 34. Kh1
Bxd4 35. cxd4 Rxd4 36. Qe7 Qf6 37. Qxf6 Rxf6 38. f5 Kg7 39. Rbe1 Kh6 40. Re7
Rd2 41. Re4 Kh5 42. Rxc4 Rxb2 43. Rg4 a5 44. Rff4 h6 45. Rxh4+ Kg5 46. Rhg4+
Kh5 47. Rg8 Rc2 48. g4+ Kh4 49. g5+ Kxh3 50. gxf6  1-0

[Event "DRUGA LIGA SRBIJE-GRUPA VOJVODINA 2018"]
[Site "Novi Sad"]
[Date "2018.11.13"]
[Round "6"]
[Board "3"]
[White "Grcic, Vukasin"]
[Black "Bulajic, Ratko"]
[Result "1/2-1/2"]
[WhiteElo "2174"]
[BlackElo "2316"]
[PlyCount "109"]
[EventDate "2018.11.09"]
[EventType "team"]
[EventRounds "11"]
[EventCountry "SRB"]
[WhiteTeam "Š.K. MLADOST-NOVA PAZOVA"]
[BlackTeam "SOMBORSKI S.K.-SOMBOR"]

1. e4 c5 2. Nf3 d6 3. d4 cxd4 4. Nxd4 Nf6 5. Nc3 a6 6. Be3 e5 7. Nb3 Be6 8. h3
h5 9. Qd2 Nbd7 10. O-O-O b5 11. f4 Rc8 12. Kb1 Be7 13. Be2 Qc7 14. Nd5 Bxd5 15.
exd5 Nxd5 16. Qxd5 Qxc2+ 17. Ka1 Qxe2 18. fxe5 Qxe3 19. Rhe1 Qg5 20. h4 Qf5 21.
Nd4 Qg4 22. exd6 O-O 23. dxe7 Rfe8 24. Nf5 Nf6 25. Qf3 Qxf3 26. gxf3 Rc7 27.
Rd8 Kh7 28. Rd6 Rc5 29. Nd4 Rxe7 30. Rg1 Rce5 31. Kb1 Rd7 32. Rxd7 Nxd7 33. Kc2
Nb6 34. Kd3 Nc4 35. b3 Re3+ 36. Kc2 Ne5 37. Nf5 Rxf3 38. Rxg7+ Kh8 39. Rg5 Rf2+
40. Kb1 f6 41. Rxh5+ Kg8 42. Ne7+ Kg7 43. Rf5 Rxf5 44. Nxf5+ Kg6 45. Ng3 f5 46.
h5+ Kg5 47. h6 Nf7 48. h7 f4 49. Nf1 Kg6 50. Kc2 Kxh7 51. Kd3 Kg6 52. Ke4 Kg5
53. a4 b4 54. Kd5 f3 55. Ke4  1/2-1/2

[Event "DRUGA LIGA SRBIJE-GRUPA VOJVODINA 2018"]
[Site "Novi Sad"]
[Date "2018.11.13"]
[Round "6"]
[Board "4"]
[White "Tancik, Kristijan"]
[Black "Stamenkovic, Aleksandar"]
[Result "0-1"]
[WhiteElo "2223"]
[BlackElo "2165"]
[PlyCount "100"]
[EventDate "2018.11.09"]
[EventType "team"]
[EventRounds "11"]
[EventCountry "SRB"]
[WhiteTeam "SOMBORSKI S.K.-SOMBOR"]
[BlackTeam "Š.K. MLADOST-NOVA PAZOVA"]

1. d4 Nf6 2. c4 e6 3. Nf3 b6 4. a3 Bb7 5. Nc3 d5 6. cxd5 exd5 7. g3 Be7 8. Qa4+
Qd7 9. Qxd7+ Nbxd7 10. Bf4 c6 11. Bg2 O-O 12. O-O Nh5 13. Bd2 Nhf6 14. Rac1
Rfd8 15. Rfe1 c5 16. dxc5 Nxc5 17. Nd4 Nfe4 18. Be3 Bf6 19. Red1 a6 20. Nxe4
dxe4 21. b4 Na4 22. Nf5 Nc3 23. Rxd8+ Rxd8 24. Bf1 b5 25. Bd4 Bxd4 26. Nxd4
Rxd4 27. Rxc3 Rc4 28. Re3 f5 29. h4 Rc1 30. Kg2 Kf7 31. f4 Bd5 32. Kf2 h5 33.
Bh3 g6 34. Bf1 Bc4 35. Bg2 Bd5 36. Bf1 Ke6 37. a4 Rb1 38. axb5 axb5 39. Ra3 Bc4
40. Ra6+ Kf7 41. Ra7+ Kf6 42. Ra6+ Kg7 43. Ra7+ Kh6 44. Bh3 Rb2 45. Ra6 Bxe2
46. Ke3 Bg4 47. Bf1 Rxb4 48. Rb6 Rb3+ 49. Kd4 Rb1 50. Bg2 Rg1  0-1

[Event "DRUGA LIGA SRBIJE-GRUPA VOJVODINA 2018"]
[Site "Novi Sad"]
[Date "2018.11.13"]
[Round "6"]
[Board "5"]
[White "Cecaric, Milan"]
[Black "Dekic, Josip"]
[Result "0-1"]
[WhiteElo "2042"]
[BlackElo "2260"]
[PlyCount "69"]
[EventDate "2018.11.09"]
[EventType "team"]
[EventRounds "11"]
[EventCountry "SRB"]
[WhiteTeam "Š.K. MLADOST-NOVA PAZOVA"]
[BlackTeam "SOMBORSKI S.K.-SOMBOR"]

1. e4 c5 2. g3 Nc6 3. Bg2 g6 4. Nf3 Bg7 5. O-O d6 6. c3 e5 7. a3 Nge7 8. b4 O-O
9. Bb2 a6 10. d4 exd4 11. cxd4 cxb4 12. a4 d5 13. e5 Na5 14. Nbd2 Bf5 15. Nb3
Nxb3 16. Qxb3 a5 17. Rfc1 Bh6 18. Re1 Rc8 19. Bc1 Rc3 20. Qxc3 bxc3 21. Bxh6
Re8 22. Rec1 Qc7 23. Bd2 c2 24. Bf1 Rc8 25. Ne1 Qb6 26. Be3 Qb3 27. Bb5 h5 28.
Kf1 Nc6 29. Bxc6 Rxc6 30. Ke2 Rc4 31. Kd2 g5 32. Ke2 g4 33. Kd2 b6 34. Ke2 Kf8
35. Ng2  0-1

[Event "DRUGA LIGA SRBIJE-GRUPA VOJVODINA 2018"]
[Site "Novi Sad"]
[Date "2018.11.13"]
[Round "6"]
[Board "6"]
[White "Roganovic, Nebojsa"]
[Black "Gavric, Zivojin"]
[Result "0-1"]
[WhiteElo "2141"]
[BlackElo "2125"]
[PlyCount "110"]
[EventDate "2018.11.09"]
[EventType "team"]
[EventRounds "11"]
[EventCountry "SRB"]
[WhiteTeam "SOMBORSKI S.K.-SOMBOR"]
[BlackTeam "Š.K. MLADOST-NOVA PAZOVA"]

1. e4 c6 2. d4 d5 3. Nc3 dxe4 4. Nxe4 Nf6 5. Nxf6+ exf6 6. c3 Be6 7. Bd3 Bd6 8.
Ne2 Qc7 9. Qc2 Nd7 10. Bd2 Nf8 11. O-O-O Ng6 12. g3 Bd5 13. Rhe1 O-O 14. h4
Rfe8 15. Bf5 b5 16. Kb1 a5 17. h5 Nf8 18. Nf4 Bf3 19. Rc1 c5 20. Qd3 Bc6 21. d5
Bd7 22. h6 g6 23. Bxd7 c4 24. Qc2 Nxd7 25. Re3 Bc5 26. Rxe8+ Rxe8 27. Re1 Re5
28. Rxe5 fxe5 29. Nh3 Qd6 30. Qe4 Nf6 31. Qf3 Nxd5 32. Ng5 f5 33. Qe2 Nf6 34.
Kc2 e4 35. Be3 Qd3+ 36. Qxd3 exd3+ 37. Kd1 Bxe3 38. fxe3 Ne4 39. Ne6 Nxg3 40.
Nc7 b4 41. cxb4 axb4 42. Nd5 Ne4 43. Nxb4 g5 44. a4 g4 45. Nd5 Kf7 46. a5 Nc5
47. Nf4 Kf6 48. Nd5+ Ke5 49. Nb6 g3 50. Nxc4+ Ke4 51. Ke1 Kf3 52. Kf1 Ne4 53.
Kg1 g2 54. a6 Kg3 55. a7 Ng5  0-1

[Event "DRUGA LIGA SRBIJE-GRUPA VOJVODINA 2018"]
[Site "Novi Sad"]
[Date "2018.11.13"]
[Round "6"]
[Board "1"]
[White "Nikolovski, Nikola"]
[Black "Babic, Dusan S"]
[Result "1-0"]
[WhiteElo "2380"]
[BlackElo "1830"]
[PlyCount "105"]
[EventDate "2018.11.09"]
[EventType "team"]
[EventRounds "11"]
[EventCountry "SRB"]
[WhiteTeam "Š.K. BATA  COSIC-OPOVO"]
[BlackTeam "S.K. BUDUCNOST-SRPSKA CRNJA"]

1. e4 e5 2. Nf3 Nc6 3. Bc4 h6 4. d4 exd4 5. O-O d6 6. Nxd4 Nxd4 7. Qxd4 Qf6 8.
Qe3 Be6 9. Na3 Bxc4 10. Nxc4 Qe6 11. Qb3 b6 12. Bd2 Be7 13. Rfe1 g5 14. Bc3 Rh7
15. a4 a5 16. Rad1 Rd8 17. Qb5+ Kf8 18. Qc6 Qd7 19. Qd5 Qe6 20. Qd3 Qg6 21. Ne3
f6 22. Qc4 Rd7 23. Nf5 Bd8 24. Nd4 Kg7 25. Ne6+ Kh8 26. Nf8 Qf7 27. Qxf7 Rdxf7
28. Nxh7 Kxh7 29. g3 Ne7 30. f4 gxf4 31. gxf4 Ng6 32. Rf1 Be7 33. e5 Nf8 34.
Rde1 Nd7 35. Kh1 Nc5 36. b3 f5 37. e6 Rf8 38. Rg1 Rg8 39. Rxg8 Kxg8 40. Rg1+
Kf8 41. Rg6 Ne4 42. Bg7+ Kg8 43. Bd4+ Kf8 44. Rxh6 Bd8 45. Kg2 c5 46. Bb2 Ke7
47. h4 d5 48. Be5 c4 49. h5 cxb3 50. cxb3 b5 51. Rg6 Bb6 52. h6 d4 53. h7  1-0

[Event "DRUGA LIGA SRBIJE-GRUPA VOJVODINA 2018"]
[Site "Novi Sad"]
[Date "2018.11.13"]
[Round "6"]
[Board "2"]
[White "Obodchuk, Andrei"]
[Black "Milojevic, Dusan"]
[Result "1/2-1/2"]
[WhiteElo "2319"]
[BlackElo "2287"]
[PlyCount "65"]
[EventDate "2018.11.09"]
[EventType "team"]
[EventRounds "11"]
[EventCountry "SRB"]
[WhiteTeam "S.K. BUDUCNOST-SRPSKA CRNJA"]
[BlackTeam "Š.K. BATA  COSIC-OPOVO"]

1. d4 Nf6 2. c4 Nc6 3. Nf3 d5 4. cxd5 Qxd5 5. Nc3 Qa5 6. Bd2 e5 7. e3 Bg4 8.
Bb5 O-O-O 9. Bxc6 bxc6 10. Ne2 Bb4 11. Nxe5 Ne4 12. Nxg4 Bxd2+ 13. Kf1 Rhe8 14.
h4 Qf5 15. Nf4 h5 16. Nh2 Nxf2 17. Qxd2 Nxh1 18. Rc1 Ng3+ 19. Kg1 Qe4 20. Rc3
Qb1+ 21. Rc1 Qe4 22. Rc3 Rd6 23. Nf1 Nxf1 24. Kxf1 f6 25. Kg1 g5 26. hxg5 fxg5
27. Nxh5 Qg4 28. Ng7 Rg8 29. Qf2 Rd7 30. Nf5 Qe4 31. Qc2 Re8 32. Rxc6 Rd5 33.
Rf6  1/2-1/2

[Event "DRUGA LIGA SRBIJE-GRUPA VOJVODINA 2018"]
[Site "Novi Sad"]
[Date "2018.11.13"]
[Round "6"]
[Board "5"]
[White "Vlajkovic, Goran"]
[Black "Adamovic, Sasa"]
[Result "1-0"]
[WhiteElo "2158"]
[BlackElo "1904"]
[PlyCount "67"]
[EventDate "2018.11.09"]
[EventType "team"]
[EventRounds "11"]
[EventCountry "SRB"]
[WhiteTeam "Š.K. BATA  COSIC-OPOVO"]
[BlackTeam "S.K. BUDUCNOST-SRPSKA CRNJA"]

1. d4 Nf6 2. c4 e6 3. Nc3 d5 4. cxd5 exd5 5. Bg5 Nbd7 6. Qc2 c6 7. e3 Be7 8.
Bd3 O-O 9. Nge2 Re8 10. O-O Nf8 11. f3 c5 12. Rad1 c4 13. Bf5 g6 14. Bxc8 Rxc8
15. Nf4 N6d7 16. Qf2 Qa5 17. Qh4 Bd8 18. Rfe1 a6 19. Kh1 Qb4 20. Re2 Qd6 21. e4
dxe4 22. fxe4 h6 23. Qxh6 Nh7 24. Bxd8 Rcxd8 25. h3 Ndf8 26. e5 Qc6 27. d5 Qd7
28. e6 Qc7 29. Rde1 Re7 30. Ne4 fxe6 31. dxe6 g5 32. Nh5 Nxe6 33. Nef6+ Kh8 34.
Nxh7  1-0

[Event "DRUGA LIGA SRBIJE-GRUPA VOJVODINA 2018"]
[Site "Novi Sad"]
[Date "2018.11.13"]
[Round "6"]
[Board "6"]
[White "Santrac, Bozo"]
[Black "Joksimovic, Dragoljub"]
[Result "0-1"]
[WhiteElo "1968"]
[BlackElo "2145"]
[PlyCount "52"]
[EventDate "2018.11.09"]
[EventType "team"]
[EventRounds "11"]
[EventCountry "SRB"]
[WhiteTeam "S.K. BUDUCNOST-SRPSKA CRNJA"]
[BlackTeam "Š.K. BATA  COSIC-OPOVO"]

1. e4 c6 2. d4 d6 3. Nf3 g6 4. Bd3 Bg7 5. c3 Nf6 6. h3 O-O 7. Be3 Qc7 8. Qd2
Rd8 9. Na3 e5 10. Nc2 d5 11. dxe5 dxe4 12. exf6 Rxd3 13. Qe2 Bxf6 14. Nfd4 c5
15. Nb3 b6 16. Nd2 Bb7 17. O-O Rd8 18. f4 Qe7 19. f5 Ba6 20. c4 Bxb2 21. fxg6
hxg6 22. Rad1 Nc6 23. Qg4 Bc8 24. Qxe4 Qxe4 25. Nxe4 Bf5 26. Rxd8+ Rxd8  0-1

[Event "DRUGA LIGA SRBIJE-GRUPA VOJVODINA 2018"]
[Site "Novi Sad"]
[Date "2018.11.13"]
[Round "6"]
[Board "1"]
[White "Petakov, Uros"]
[Black "Csizik, Karoly"]
[Result "1-0"]
[WhiteElo "2325"]
[BlackElo "1932"]
[PlyCount "42"]
[EventDate "2018.11.09"]
[EventType "team"]
[EventRounds "11"]
[EventCountry "SRB"]
[WhiteTeam "S.K. STARA PAZOVA-STARA PAZOVA"]
[BlackTeam "S.K. SENTA-SENTA"]

1. d4 f5 2. e4 fxe4 3. Nc3 Nf6 4. Bg5 d5 5. Bxf6 exf6 6. Qh5+ g6 7. Qxd5 Nc6 8.
Qxe4+ Kf7 9. O-O-O Bh6+ 10. Kb1 Bf5 11. Qe2 Kg7 12. Qc4 a5 13. Bd3 Bd7 14. Be4
Re8 15. Nf3 b5 16. Qxb5 Rb8 17. Qc5 Rb6 18. Rhe1 Kh8 19. Bxc6 Bxc6 20. d5 Bf8
21. Rxe8 Bxe8  1-0

[Event "DRUGA LIGA SRBIJE-GRUPA VOJVODINA 2018"]
[Site "Novi Sad"]
[Date "2018.11.13"]
[Round "6"]
[Board "2"]
[White "Balla, Tamas-Kristof"]
[Black "Vujadinovic, Goran"]
[Result "1-0"]
[WhiteElo "2318"]
[BlackElo "2318"]
[PlyCount "79"]
[EventDate "2018.11.09"]
[EventType "team"]
[EventRounds "11"]
[EventCountry "SRB"]
[WhiteTeam "S.K. SENTA-SENTA"]
[BlackTeam "S.K. STARA PAZOVA-STARA PAZOVA"]

1. d4 d6 2. c4 e5 3. Nc3 exd4 4. Qxd4 Nc6 5. Qd2 Nf6 6. b3 Be6 7. e4 a5 8. f3
Be7 9. Bb2 O-O 10. Nd5 a4 11. Nxe7+ Qxe7 12. Ne2 axb3 13. axb3 Rxa1+ 14. Bxa1
Ra8 15. Qc3 Nb4 16. Bb2 c5 17. Nf4 Ne8 18. Be2 Qg5 19. g3 h5 20. Kf2 h4 21. Ng2
hxg3+ 22. hxg3 f5 23. Nf4 Bf7 24. e5 dxe5 25. Qxe5 Nc6 26. Qxc5 Ra2 27. Ba3
Rxa3 28. Qxa3 Qf6 29. Rd1 g5 30. Ng2 Qe5 31. Qc1 g4 32. Qg5+ Kf8 33. fxg4 Nf6
34. Bf3 Nd4 35. Qh6+ Kg8 36. Re1 Qd6 37. Rh1 Nxg4+ 38. Bxg4 Qxh6 39. Rxh6 fxg4
40. Rb6  1-0

[Event "DRUGA LIGA SRBIJE-GRUPA VOJVODINA 2018"]
[Site "Novi Sad"]
[Date "2018.11.13"]
[Round "6"]
[Board "3"]
[White "Stanojevic, Branko"]
[Black "Kopasz, Robert"]
[Result "1-0"]
[WhiteElo "2180"]
[BlackElo "2320"]
[PlyCount "150"]
[EventDate "2018.11.09"]
[EventType "team"]
[EventRounds "11"]
[EventCountry "SRB"]
[WhiteTeam "S.K. STARA PAZOVA-STARA PAZOVA"]
[BlackTeam "S.K. SENTA-SENTA"]

1. d4 g6 2. Nf3 Bg7 3. e4 d6 4. h3 Nf6 5. Nc3 O-O 6. Be2 a6 7. Bf4 b5 8. e5
Nfd7 9. a4 b4 10. Nd5 Nc6 11. exd6 cxd6 12. Qd2 Qa5 13. Ne3 Bb7 14. O-O Rfe8
15. Rfd1 Rab8 16. c4 bxc3 17. bxc3 Nf6 18. Rab1 Ne4 19. Qd3 Nxc3 20. Nc4 Nxe2+
21. Qxe2 Qf5 22. Bg3 Na5 23. Nh4 Qd5 24. Ne3 Qc6 25. Rdc1 Qd7 26. Qd2 Nc6 27.
d5 Na7 28. Qb4 Qd8 29. Nf3 Bh6 30. Qd4 Nc8 31. Bf4 Bg7 32. Qb4 e5 33. dxe6 fxe6
34. Nc4 e5 35. Bg5 Bf6 36. h4 e4 37. Bxf6 Qxf6 38. Ng5 h6 39. Nh3 d5 40. Na5
Nd6 41. Rc7 Re7 42. Rxe7 Qxe7 43. Nc6 Bxc6 44. Qxb8+ Ne8 45. Qb6 Qd7 46. Rc1
Bxa4 47. Qxg6+ Ng7 48. Qxa6 d4 49. Qxh6 d3 50. Ng5 Qf5 51. Nh3 Qe6 52. Qg5 Qd7
53. Qd2 Nf5 54. Rc5 Bb3 55. h5 Bf7 56. Ra5 Kf8 57. h6 Bg6 58. Nf4 Bh7 59. Rd5
Qc6 60. Qb4+ Kf7 61. Qxe4 d2 62. Qd3 Qc1+ 63. Kh2 d1=Q 64. Rd7+ Ke8 65. Qxd1
Qxf4+ 66. Kg1 Qxh6 67. Rc7 Nd6 68. Rxh7 Qxh7 69. Qxd6 Qb1+ 70. Kh2 Qh7+ 71. Kg3
Qg7+ 72. Kf3 Qc3+ 73. Ke2 Qc4+ 74. Qd3 Qg4+ 75. Kf1 Qh5  1-0

[Event "DRUGA LIGA SRBIJE-GRUPA VOJVODINA 2018"]
[Site "Novi Sad"]
[Date "2018.11.13"]
[Round "6"]
[Board "4"]
[White "Simonyi, Zoltan"]
[Black "Mijatovic, Dejan"]
[Result "1/2-1/2"]
[WhiteElo "2208"]
[BlackElo "2255"]
[PlyCount "120"]
[EventDate "2018.11.09"]
[EventType "team"]
[EventRounds "11"]
[EventCountry "SRB"]
[WhiteTeam "S.K. SENTA-SENTA"]
[BlackTeam "S.K. STARA PAZOVA-STARA PAZOVA"]

1. d4 Nf6 2. c4 e6 3. Nc3 d5 4. Bg5 Be7 5. e3 c6 6. Qc2 Nbd7 7. Nf3 O-O 8.
O-O-O Re8 9. Kb1 Qa5 10. h3 Bb4 11. Bd3 Bxc3 12. bxc3 Ne4 13. Rc1 Nxg5 14. Nxg5
h6 15. Nf3 e5 16. Nd2 e4 17. Be2 Nf6 18. Ka1 b5 19. c5 Bd7 20. Rb1 Qc7 21. Nf1
a5 22. f4 exf3 23. gxf3 Qc8 24. h4 Bh3 25. Re1 Bf5 26. Bd3 Bxd3 27. Qxd3 b4 28.
Rh2 Ra7 29. Ng3 Qb8 30. Rg2 Kh8 31. Nf5 Nh5 32. Reg1 bxc3 33. Nd6 Rf8 34. Qxc3
Qd8 35. Qe1 Qf6 36. Qf2 Rb8 37. Rc1 a4 38. Rgg1 g6 39. Rb1 Raa8 40. Rgf1 Ng7
41. Qg3 Kh7 42. Rxb8 Rxb8 43. Nxf7 Rf8 44. Ne5 Nf5 45. Qe1 Re8 46. f4 Nxh4 47.
Rg1 Nf5 48. Rxg6 Qxg6 49. Nxg6 Kxg6 50. Qb4 Rxe3 51. Qxa4 Re6 52. Qd1 Ne3 53.
Qg1+ Kf5 54. Kb2 Nc4+ 55. Kc3 Kxf4 56. a4 h5 57. Qh2+ Kg4 58. Qg2+ Kf4 59. Qh2+
Kg4 60. Qg2+ Kf4  1/2-1/2

[Event "DRUGA LIGA SRBIJE-GRUPA VOJVODINA 2018"]
[Site "Novi Sad"]
[Date "2018.11.13"]
[Round "6"]
[Board "5"]
[White "Kovacevic, Djordje"]
[Black "Vranic, Ljubomir"]
[Result "0-1"]
[WhiteElo "2090"]
[BlackElo "2227"]
[PlyCount "78"]
[EventDate "2018.11.09"]
[EventType "team"]
[EventRounds "11"]
[EventCountry "SRB"]
[WhiteTeam "S.K. STARA PAZOVA-STARA PAZOVA"]
[BlackTeam "S.K. SENTA-SENTA"]

1. d4 Nf6 2. Nf3 c5 3. d5 b5 4. c4 bxc4 5. Nc3 d6 6. e4 Nbd7 7. Bxc4 Nb6 8. Be2
g6 9. a4 Bg7 10. h3 O-O 11. O-O Nbd7 12. a5 Ne8 13. Bg5 Nc7 14. Qd2 Re8 15.
Rfe1 Rb8 16. Ra2 Ba6 17. Rb1 Bxc3 18. Qxc3 Bxe2 19. Bh6 f6 20. Nh4 Nb5 21. Qg3
Kf7 22. Re1 Nd4 23. b4 Bc4 24. Rd2 Rxb4 25. f4 Rg8 26. Qg4 Nf8 27. Nf5 Qd7 28.
Nxd4 Qxg4 29. hxg4 cxd4 30. Rxd4 Nd7 31. Rc1 Rc8 32. g5 a6 33. g4 Rc5 34. Kf2
Rb2+ 35. Kg3 Bb5 36. Rdd1 Re2 37. Kf3 Rcc2 38. Rxc2 Rxc2 39. gxf6 Be2+  0-1

[Event "DRUGA LIGA SRBIJE-GRUPA VOJVODINA 2018"]
[Site "Novi Sad"]
[Date "2018.11.13"]
[Round "6"]
[Board "6"]
[White "Nagy, Attila N"]
[Black "Skoko, Milan"]
[Result "1-0"]
[WhiteElo "2241"]
[BlackElo "2164"]
[PlyCount "87"]
[EventDate "2018.11.09"]
[EventType "team"]
[EventRounds "11"]
[EventCountry "SRB"]
[WhiteTeam "S.K. SENTA-SENTA"]
[BlackTeam "S.K. STARA PAZOVA-STARA PAZOVA"]

1. Nf3 f5 2. c4 Nf6 3. g3 d6 4. Bg2 a5 5. d4 e6 6. O-O Be7 7. Nc3 O-O 8. Qc2 d5
9. Bf4 c6 10. Rad1 Bd6 11. Be5 Qe7 12. Na4 Nfd7 13. Bxd6 Qxd6 14. c5 Qc7 15.
Ng5 Rf6 16. f3 h6 17. Nh3 Nf8 18. Nb6 Ra7 19. e4 Nbd7 20. Qb3 Ra6 21. Na4 Ra8
22. Rfe1 Rb8 23. exf5 Rxf5 24. Nf4 b5 25. cxb6 Nxb6 26. Nxb6 Rxb6 27. Qc3 Bd7
28. Qxa5 Qb7 29. b3 Ra6 30. Qd2 Qa7 31. a4 e5 32. Ne2 Rf6 33. Kh1 exd4 34. Nxd4
Qb8 35. f4 Qd6 36. Rc1 Kh8 37. Qe2 Rb6 38. a5 Rb7 39. Qe7 Qb8 40. Qc5 Ra7 41.
b4 Rb7 42. a6 Rb6 43. Ra1 Qa7 44. Re7  1-0

[Event "DRUGA LIGA SRBIJE-GRUPA VOJVODINA 2018"]
[Site "Novi Sad"]
[Date "2018.11.13"]
[Round "6"]
[Board "2"]
[White "Ratkovic, Miloje"]
[Black "Jotic, Vladimir"]
[Result "1-0"]
[WhiteElo "2403"]
[BlackElo "2369"]
[PlyCount "207"]
[EventDate "2018.11.09"]
[EventType "team"]
[EventRounds "11"]
[EventCountry "SRB"]
[WhiteTeam "S.K. NAFTAGAS-ELEMIR"]
[BlackTeam "S.K. POLET- RASTINA"]

1. d4 Nf6 2. c4 g6 3. Nc3 Bg7 4. e4 d6 5. f3 O-O 6. Nge2 c5 7. d5 e6 8. Ng3 a6
9. a4 exd5 10. cxd5 Nbd7 11. Be2 Rb8 12. O-O Qc7 13. Be3 h5 14. Qd2 h4 15. Nh1
h3 16. g4 Ne5 17. Ng3 Qd7 18. Kh1 b5 19. axb5 axb5 20. Bh6 Nh7 21. Bxg7 Kxg7
22. Nd1 Qe7 23. Ne3 Qh4 24. b4 c4 25. Qd1 Qf6 26. f4 Nd7 27. Nef5+ Kh8 28. g5
Qc3 29. Rf3 Qxb4 30. Qd4+ f6 31. Ne7 Kg7 32. gxf6+ Nhxf6 33. Nc6 Qc5 34. Qxc5
Nxc5 35. Nxb8 Bg4 36. Nc6 Nfxe4 37. Re3 Rxf4 38. Bxg4 Rxg4 39. Rae1 Nf2+ 40.
Kg1 Nfd3 41. Rd1 b4 42. Na5 c3 43. Rexd3 c2 44. Rc1 Nxd3 45. Rxc2 Nc5 46. Rc4
Rg5 47. Rxb4 Rxd5 48. Rb1 Rd2 49. Nc4 Rg2+ 50. Kf1 Rxh2 51. Nxd6 Rg2 52. Nde4
Nxe4 53. Nxe4 g5 54. Nf2 Rg3 55. Ke2 Kg6 56. Rb6+ Kf5 57. Rb5+ Kg6 58. Rb6+ Kf5
59. Rh6 g4 60. Rh8 Rg2 61. Ke3 Rg3+ 62. Kd4 Rg2 63. Ne4 Ra2 64. Rf8+ Kg6 65.
Rh8 Kf5 66. Rf8+ Kg6 67. Ke3 Rg2 68. Kf4 Rg1 69. Rh8 Rg2 70. Ng3 Ra2 71. Kxg4
h2 72. Kf3 Ra3+ 73. Kf2 Kg5 74. Rxh2 Kg4 75. Ne2 Rf3+ 76. Ke1 Rd3 77. Rf2 Ra3
78. Rf8 Ra1+ 79. Kd2 Ra2+ 80. Ke3 Ra3+ 81. Ke4 Kg5 82. Nd4 Ra1 83. Nf3+ Kg6 84.
Ne5+ Kg5 85. Rf5+ Kh6 86. Rf6+ Kg7 87. Rf7+ Kh6 88. Rf2 Kg5 89. Rf5+ Kh6 90.
Rf6+ Kg7 91. Rg6+ Kh7 92. Rg3 Kh6 93. Kf5 Rf1+ 94. Nf3 Ra1 95. Rg6+ Kh7 96.
Ng5+ Kh8 97. Ne6 Rf1+ 98. Nf4 Ra1 99. Kf6 Ra6+ 100. Ne6 Ra1 101. Rg4 Kh7 102.
Nf8+ Kh8 103. Ng6+ Kg8 104. Ne7+  1-0

[Event "DRUGA LIGA SRBIJE-GRUPA VOJVODINA 2018"]
[Site "Novi Sad"]
[Date "2018.11.13"]
[Round "6"]
[Board "3"]
[White "Popovic, Milos T"]
[Black "Ratkovic, Milovan"]
[Result "1/2-1/2"]
[WhiteElo "2375"]
[BlackElo "2411"]
[PlyCount "42"]
[EventDate "2018.11.09"]
[EventType "team"]
[EventRounds "11"]
[EventCountry "SRB"]
[WhiteTeam "S.K. POLET- RASTINA"]
[BlackTeam "S.K. NAFTAGAS-ELEMIR"]

1. d4 d5 2. Bf4 c5 3. e3 cxd4 4. exd4 Nc6 5. c3 Nf6 6. Bd3 Bg4 7. Qb3 e5 8.
dxe5 Nh5 9. Be3 Nxe5 10. Bb5+ Nc6 11. Nd2 Be6 12. Qa4 Qc7 13. Ngf3 Bd6 14. O-O
O-O 15. Qh4 Nf4 16. Ng5 Bf5 17. Rfe1 h6 18. Ngf3 Nd3 19. Bxd3 Bxd3 20. Nb3 Be4
21. Nfd4 Nxd4  1/2-1/2

[Event "DRUGA LIGA SRBIJE-GRUPA VOJVODINA 2018"]
[Site "Novi Sad"]
[Date "2018.11.13"]
[Round "6"]
[Board "4"]
[White "Popov, Sinisa S"]
[Black "Sljukic, Miodrag"]
[Result "1/2-1/2"]
[WhiteElo "2432"]
[BlackElo "2206"]
[PlyCount "65"]
[EventDate "2018.11.09"]
[EventType "team"]
[EventRounds "11"]
[EventCountry "SRB"]
[WhiteTeam "S.K. NAFTAGAS-ELEMIR"]
[BlackTeam "S.K. POLET- RASTINA"]

1. d4 f5 2. g3 e6 3. Bg2 d5 4. c4 c6 5. Nh3 Nf6 6. O-O Bd6 7. Bf4 Be7 8. Qc2
O-O 9. Nc3 Na6 10. a3 Bd7 11. Rad1 Be8 12. Ng5 Qc8 13. Nf3 Bh5 14. Ne5 Nd7 15.
Qb3 Nxe5 16. Bxe5 Nc7 17. Rc1 Bg5 18. f4 Bf6 19. cxd5 exd5 20. e4 fxe4 21. Nxe4
Ne6 22. Nd6 Nxd4 23. Bxd5+ Kh8 24. Nxc8 Nxb3 25. Bxb3 Raxc8 26. Rce1 Bf7 27.
Bxf6 Bxb3 28. Be7 Rfe8 29. Re5 Kg8 30. Rfe1 Kf7 31. Rf5+ Kg6 32. Re3 Bd5 33.
Kf2  1/2-1/2